| 000 | 00476nam a22001457a 4500 | ||
|---|---|---|---|
| 999 |
_c4890 _d4890 |
||
| 020 | _a978812723904 | ||
| 050 |
_aKF890 _b.T31 |
||
| 245 |
_aText book of business law _cGrag K. C.; V. K. Sareen; Mukesh Sharma and R. C. Chawla |
||
| 260 |
_aNew Delhi _bKalyani Publication _c2007 |
||
| 300 |
_avariouse paging. _c24cm. |
||
| 500 | _aIncludes Test and question | ||
| 505 | _a1. Law of contract 2. Law of sale of goods 3. Company law | ||
| 650 | _aBusiness law | ||
| 942 | _cBK | ||